01661nam a2200313Ia 450000100060000000300090000600800410001504000130005604000130006904100130008210000230009510000290011824500520014724500520019925000110025126000110026226000120027326000490028530000430033450006030037765000430098065000310102394200070105495700060106199900170106799900070108499900060109195202500109722140IT-RoPAU130308s9999 xx 000 0 und d aIT-RoPAU cIT-RoPAU aITALIANO aGallavotti Eugenio gCodice Aut. SPICS: 7670 aScuola fascista di giornalismo (La)-(1930-1933) bScuola fascista di Giornalismo (La)-(1930-1933) a1a ed. aMILANO bSugarco c1982 [1° Ed.:1982 - Ed.Ling.Originale:1982] a"144 p. (prefazione: no ; testo: 144)" aScrivere Obbedire e combattere regime di giornalisti contro gli Editori pro e contro la Scuola Amicucci e Il Duce Duce Primo giornalista del Mondo Barzini e L'America piano di Studi dei giornalisti di regime Insegnante Silvio D'Amico Allievi Gorresio e Pannunzio Professor Lepri Starace insegnamento del Giornalismo Negli Anni dell'Asse Roma Berlino Ostaggio ideologico nelle mani di Hitler niente Scuola Ma Tanmte Cattedre Scienza del Giornalismo parla Vittorio Gorresio Il Primo della classe Diploma dell'allievo Ugo Indrio Decreto che Leghittima la Scuola di Giornalismo Regolamento della Scuola aSTORIA NAZIONALE DELLA STAMPA DI MASSA eCodice materia Spics: 6659 cBK 71 c69946d69946 bSI g1 001040622140_00000000000000071aSPICSbSPICSd2013-03-08l0o22140r2013-03-08 00:00:00w2013-03-08yBKzProgressivo inserimento: 29344 / N. Volumi: 1 Copie: 1 Copia Rara: SI / data import: 1 marzo 2013 - By Epidotti, Trombetti, Vaglietti.